Statistics for Šogi parčići

Click here to take the quiz!

General Stats

  • This quiz has been taken 6 times
  • The average score is 4 of 8

Answer Stats

Answer% Correct
kralj
100%
pijun
67%
konj
50%
top
50%
koplje
33%
lovac
33%
srebrni general
33%
zlatni general
33%

Score Distribution

Percentile by Number Answered

Percent of People with Each Score

Your Score History

You have not taken this quiz